| 000 | 00820cab a2200241 4500 | ||
|---|---|---|---|
| 001 | WB3514-18 | ||
| 008 | 090401t1999 xxu||||| |||| 00| 0 eng d | ||
| 035 | _a(Sirsi) u92733 | ||
| 041 | _aeng | ||
| 245 | _aPassing the buck on pollution | ||
| 260 | _c1999 | ||
| 350 | _a0 | ||
| 490 |
_aTimes _v14 April 1999, 32(1) |
||
| 520 | _aHomeowners whose properties have been built on contaminated land may find themselves liable for the cost of cleaning up the pollution. If the original pollutant, or developer are not available to pay, the responsibility will lie with owner of the land. | ||
| 650 | _aCLEAN UP COSTS | ||
| 650 | _aCONTAMINATED LAND | ||
| 650 | _aHOME OWNERS | ||
| 650 | _aLIABILITY | ||
| 650 | _aPOLLUTION | ||
| 690 | _aENVIRONMENTAL AND LAND CONSULTANCY | ||
| 942 | _n0 | ||
| 948 | _c14/04/1999 | ||
| 999 |
_c58776 _d58776 |
||